000 01371nam a2200349 c 4500
003 BLK
005 20250717143521.0
008 180409b bul|||||r ||||||| ||bul||
010 _aKNG00135190000
020 _a978-954-655-326-3
_bиздат.: Бард
040 _aBLK
041 _aBUL
_cBUL
072 7 _2bullib
_aН83
_xЧужда художествена литература Н
080 _aАмериканска литература (на САЩ)
_b821.111(73)
_x-31
_z821.111(73)-31
100 1 _aКларк, Мери Хигинс
_eпърви автор
_9371250
700 1 _aБожанова, Ивайла Русева
_eпрев.
_9365268
139 _aКларк, Мери Хигинс
_bК 63
245 1 0 _aИзгубените години
_bРоман
_cМери Хигинс Кларк; прев. Ивайла Русева Божанова.
257 _aUSA
260 София
_bБард
_c2012
_fХасково : Полиграфюг
300 _a320 с.
_c20 см
380 _aX
500 _aОриг. загл. The Lost Years / Mary Higgins Clark.
653 _aромани
659 _aН
852 _aЦб 256772
856 4 _qpdf
_u
856 4 _qpdf
_u
942 _cKNG
_n0
_0138
944 _aCR
_c18.10.2012
_lМартин Енчев
_k30575
944 _aED
_c30.03.2015
_lф /
_kВиолета_Тройчева
999 _c129453
_d129453